Culture générale ! Une image... Un des... (27) - Statistiques

Statistiques générales
  • Ce quiz a été pris 90 fois
  • Le résultat moyen est 13 sur 20
Statistiques - réponses
Par images Hint Réponse % Correct
bâtiment américain Maison blanche
96%
instrument de mesure du temps sablier
92%
drapeaux Finlande
89%
poissons poisson {clown}
87%
fleurs Marguerite
82%
pierres précieuses rubis
80%
signes du zodiaque vierge
80%
lieux de la Bible tour de {Babel}
75%
villes américaines Miami
73%
légumes fenouil
70%
instruments de musique lyre
70%
personnages de la comédie italienne Arlequin
68%
états américains Nevada
67%
moyens de transport zeppelin | dirigeable
67%
années du XXe siècle 1963
59%
volcans Vésuve
59%
présidents américains Théodore Roosevelt
34%
sites d australie Uluru
23%
dieux romains Janus
14%
péninsules Yucatan
10%
Aucun quiz correspondant
Distribution des résultats
% des personnes avec chaque résultat
Percentile par nombre de réponses
Votre historique - résultats
Vous n’avez pas pris ce quiz